第43回ジャパンカップ 出走馬 - Statistics

General Stats
  • This quiz has been taken 35 times
  • The average score is 9 of 18
Answer Stats
着順 枠番 馬番 馬名 性齢 騎手名 単勝
人気
% Correct
1 1 2 イクイノックス 牡4 C.ルメール 1
100%
2 1 1 リバティアイランド 牝3 川田将雅 2
88%
4 3 5 ドウデュース 牡4 戸崎圭太 3
88%
5 2 3 タイトルホルダー 牡5 横山和生 4
78%
3 8 17 スターズオンアース 牝4 W.ビュイック 5
75%
10 7 14 ディープボンド 牡6 和田竜二 8
63%
12 4 8 パンサラッサ 牡6 吉田豊 7
59%
6 5 10 ダノンベルーガ 牡4 J.モレイラ 6
56%
7 5 9 ヴェラアズール 牡6 H.ドイル 9
41%
9 4 7 イレジン セン6 M.ヴェロン 10
31%
15 8 18 ウインエアフォルク 牡6 藤田菜七子 11
28%
17 6 12 チェスナットコート 牡9 田辺裕信 15
28%
18 7 13 クリノメガミエース 牝4 吉村智洋 18
28%
11 7 15 ショウナンバシット 牡3 M.デムーロ 12
25%
8 2 4 スタッドリー 牡5 T.マーカンド 13
22%
13 8 16 インプレス 牡4 三浦皇成 14
22%
16 6 11 トラストケンシン 牡8 荻野極 17
22%
14 3 6 フォワードアゲン セン6 黛弘人 16
19%
No matching quizzes found
Score Distribution
Percent of People with Each Score
Percentile by Number Answered
Your Score History
You have not taken this quiz